Bekannteste Soziale Netzwerke in Deutschland - Statistiken

Allgemein
  • Dieses Quiz wurde 180 mal gespielt
  • Das Durchschnittsergebnis liegt bei 8 aus 15
Antwortstatistiken
Befragte in Prozent Antwort % Korrekt
92 Facebook
98%
91 Instagram
98%
71 X
88%
87 TikTok
84%
77 Snapchat
80%
93 YouTube
68%
73 Pinterest
47%
63 LinkedIn
45%
51 Reddit
42%
59 Twitch
39%
43 Tumblr
24%
24 BeReal
23%
55 Xing
17%
33 WeChat
5%
28 Flickr
2%
Keine übereinstimmenden Quizze gefunden
Verteilung der Resultate
Anzahl Personen mit jedem Resultat
Perzentil nach korrekt beantworteten Fragen
Ihre Resultats-Entwicklung
Sie haben dieses Quiz noch nicht gespielt